Truyền tải điện năng và tiêu thụ điện

保存先:
書誌詳細
第一著者: Đức Minh
フォーマット: 図書
言語:Undetermined
出版事項: Hà Nội Giao thông Vận tải 2005
主題:
タグ: タグ追加
タグなし, このレコードへの初めてのタグを付けませんか!
Thư viện lưu trữ: Trung tâm Học liệu Trường Đại học Cần Thơ
LEADER 00553nam a2200193Ia 4500
001 CTU_74008
008 210402s9999 xx 000 0 und d
020 |b 50000 
082 |a 621.46 
082 |b Đ552 
100 |a Đức Minh 
245 0 |a Truyền tải điện năng và tiêu thụ điện 
245 0 |c Đức Minh 
260 |a Hà Nội 
260 |b Giao thông Vận tải 
260 |c 2005 
650 |a Electric motors,Electric machine 
904 |i Năm 
980 |a Trung tâm Học liệu Trường Đại học Cần Thơ